Statistics for 'Word Puzzle' - Harry Potter Characters

Click here to take the quiz!

General Stats

  • This quiz has been taken 2,017 times
  • The average score is 37 of 66

Answer Stats

HintAnswer% Correct
Laugh soundHa
96%
First letter of the alphabetA
90%
Objective pronoun referring to a femaleHer
89%
Nineteenth letter of the alphabetS
88%
Expression of surpriseOh
87%
Fourth letter of the alphabetD
85%
CharacterHarry Potter
85%
CeramicPot
84%
'Royal Institution' initialismR.I.
84%
Possessive pronoun referring to oneselfMy
83%
Sound of hesitationEr
82%
CharacterHermione Granger
82%
Objective pronoun, referring to oneself and anotherUs
81%
Subjective personal pronoun, referring to oneselfI
80%
Apple's voice-controlled operative system for mobile devicesSiri
78%
The darkest toneBlack
77%
CharacterSirius Black
76%
Glass container, often for a jelly or preserveJar
75%
Joint with a 'cap'Knee
75%
Santa's signature soundHo
72%
Third person subjective pronoun, referring to a femaleShe
72%
Public transport, iconic to LondonBus
71%
Abbreviation of gangster Capone's forenameAl
70%
Muggle device for unlockingKey
70%
Red precious stoneRuby
69%
A single fruit or seedGrain
68%
Evil old woman considered frightful or ugly (12 down!)Hag
67%
CharacterRubeus Hagrid
66%
Mystical being, often with long, pointy earsElf
65%
To render oneself (or another) free of something undesirableRid
65%
CharacterAlbus Dumbledore
64%
To propel a boat with oarsRow
63%
A hinged or revolving barrierDoor
61%
CharacterHokey
61%
Opposite the chest and stomachBack
59%
To cut or destroy a connectionSever
58%
Back of the neckNape
57%
CharacterSeverus Snape
57%
Slang for U.S. DollarBuck
52%
Comparative preposition, used in one form of simileAs
48%
Alternative name for a billBeak
47%
CharacterBuckbeak
46%
A small weightDumbbell
45%
A mental consideration or ideaThought
45%
CharacterRonald Weasley
43%
The ruler of medieval VeniceDoge
40%
CharacterElphias Doge
38%
A mid-toneGrey
37%
The back of somethingRear
37%
A breathless, rattling soundWheeze
37%
An English term for a low, marshy area of landFen
36%
A dilapidated, usually torn, fragment of materialRag
35%
CharacterFenrir Greyback
34%
Preposition implying enclosureIn
34%
English river, Thames tributaryLee
34%
Preposition implying support through contact above somethingOn
33%
CharacterAragog
32%
Amarite King of BashanOg
32%
A small, rounded hillKnoll
29%
Army, fire, carpenter...Ant
24%
A celebratory event, usually with performances or entertainmentGala
18%
Abbreviation of Jay-Z's alternative nameHov
16%
Jolly, contented and livelyMerry
15%
CharacterAntonin Dolohov
14%
To distribute rewardsDole
13%
CharacterGalatea Merrythought
11%

Score Distribution

Percentile by Number Answered

Percent of People with Each Score

Your Score History

You have not taken this quiz